Представление документа в формате MARC21

Поле Инд. ПП Название Значение
Тип записи a
Библиографический уровень m
001 Контрольный номер RU/MAI/LIB/421185575
005 Дата корректировки 20240628124029.0
020 a ISBN 5-02-035338-8
040 b Код языка каталог. rus
e Правила каталог. PSBO
a Служба первич. каталог. 10013504
041 0_ a Код языка текста rus
080 a Индекс УДК 681.5.011
090 a Полочн. индекс 681.5
x Авторский знак Е 601
100 1_ a Автор Емельянов С.В.
245 10 a Заглавие Избранные труды по теории управления
c Ответственность РАН, Ин-т системного анализа, Науч. совет Программы фундаментальных исследований Президиума РАН "Издание трудов выдающихся ученых"
260 a Место издания М.
b Издательство Наука
c Дата издания 2006
300 a Объем 450 с.
b Иллюстрации/ тип воспроизводства ил.
440 _0 a Серия Памятники отечественной науки. XX век
504 a Библиография Библиогр.: в конце ст.
653 0_ a Ключевые слова ТЕОРИЯ АВТОМАТИЧЕСКОГО УПРАВЛЕНИЯ
901 t Тип документа m
952 a Тип литературы для КСУ ВШ КНР
c Вид литературы монография